AVRDC 1989 Progress report summaries
Spremljeno u:
| Format: | Knjiga |
|---|---|
| Jezik: | Undetermined |
| Izdano: |
Taiwan
AVRDC
1990
|
| Teme: | |
| Oznake: |
Dodaj oznaku
Bez oznaka, Budi prvi tko označuje ovaj zapis!
|
| Thư viện lưu trữ: | Trung tâm Học liệu Trường Đại học Cần Thơ |
|---|
| LEADER | 00415nam a2200157Ia 4500 | ||
|---|---|---|---|
| 001 | CTU_38781 | ||
| 008 | 210402s9999 xx 000 0 und d | ||
| 082 | |a 635 | ||
| 082 | |b A832 | ||
| 245 | 0 | |a AVRDC 1989 Progress report summaries | |
| 260 | |a Taiwan | ||
| 260 | |b AVRDC | ||
| 260 | |c 1990 | ||
| 650 | |a vegetables - congresses | ||
| 904 | |i Liên, 990910 | ||
| 980 | |a Trung tâm Học liệu Trường Đại học Cần Thơ | ||